एक मामूली आदमी / (Record no. 112529)

MARC details
000 -LEADER
fixed length control field 00999nam a22002537a 4500
005 - DATE AND TIME OF LATEST TRANSACTION
control field 20170124102940.0
010 ## - LIBRARY OF CONGRESS CONTROL NUMBER
LC control number B-203074
020 ## - INTERNATIONAL STANDARD BOOK NUMBER
Terms of availability 125.00
International Standard Book Number 8126709367
035 ## - SYSTEM CONTROL NUMBER
System control number B-203074
037 ## - SOURCE OF ACQUISITION
Source of stock number/acquisition Cen Lib/Ret
040 ## - CATALOGING SOURCE
Original cataloging agency DPL
Language of cataloging HN
082 ## - DEWEY DECIMAL CLASSIFICATION NUMBER
Classification number 822
Item number अशोक
100 ## - MAIN ENTRY--PERSONAL NAME
Personal name अशोक लाल
9 (RLIN) 141664
245 ## - TITLE STATEMENT
Title एक मामूली आदमी /
Statement of responsibility, etc अशोक लाल
246 ## - VARYING FORM OF TITLE
Title proper/short title Ek mamooli aadmi /
Remainder of title by Ashok Lal
260 ## - PUBLICATION, DISTRIBUTION, ETC. (IMPRINT)
Place of publication, distribution, etc नई दिल्ली
Name of publisher, distributor, etc राजकमल प्रकाशन
Date of publication, distribution, etc 2006
270 ## - ADDRESS
City नई दिल्ली
Address 1-बी, नेताजी सुभाष मार्ग
Postal code 110002
300 ## - PHYSICAL DESCRIPTION
Extent 95पृ.
Dimensions 20मी(सजिल्द)
650 ## - SUBJECT ADDED ENTRY--TOPICAL TERM
Topical term or geographic name as entry element हिन्दी साहित्य
9 (RLIN) 141665
650 ## - SUBJECT ADDED ENTRY--TOPICAL TERM
Topical term or geographic name as entry element हिन्दी साहित्य -- नाटक
9 (RLIN) 46022
650 ## - SUBJECT ADDED ENTRY--TOPICAL TERM
Topical term or geographic name as entry element Hindi literature
9 (RLIN) 141666
650 ## - SUBJECT ADDED ENTRY--TOPICAL TERM
Topical term or geographic name as entry element Hindi literature -- Drama
9 (RLIN) 141667
942 ## - ADDED ENTRY ELEMENTS (KOHA)
Source of classification or shelving scheme Dewey Decimal Classification
Koha item type Hindi Books
Classification part 822
Call number suffix अशोक
Holdings
Withdrawn status Lost status Damaged status Not for loan Home library Current library Date acquired Source of acquisition Cost, normal purchase price Total Checkouts Full call number Barcode Date last seen Date checked out Copy number Cost, replacement price Price effective from Koha item type Source of classification or shelving scheme Collection code
        Central Library Central Library 08/08/2015 Cen Lib/Ret 125.00 1 822 अशोक B-203074 13/03/2020 04/03/2020 1 125.00 15/09/2016 Hindi Books    
        Sarojini Nagar Sarojini Nagar 18/10/2021       822 अशोक B-203076 18/10/2021     125.00 18/10/2021 Hindi Books Dewey Decimal Classification Non-fiction

© Delhi Public Library
Hit Counter
free hit counter